[Event "3rd EUR-ch"]
[Site "Batumi GEO"]
[Date "2002.06.26"]
[Round "13"]
[White "Erdogan, Hakan"]
[Black "Asylguzhin, Radik"]
[Result "1-0"]
[WhiteElo "2233"]
[BlackElo "2387"]
[EventDate "2002.06.12"]
[PlyCount "193"]

1.d4 d6 2.c4 Nd7 3.Nc3 e5 4.Nf3 g6 5.e4 Bg7 6.Be2 c6 7.Bg5 f6 8.Be3 Nh6 9.
dxe5 dxe5 10.Qd6 Nf7 11.Qe6+ Qe7 12.Qxe7+ Kxe7 13.O-O-O Bh6 14.Bxh6 Nxh6 
15.b4 a5 16.a3 axb4 17.axb4 Nb6 18.Kb2 Be6 19.Kb3 Nf7 20.Ra1 Nd6 21.Nd2 
Nbxc4 22.Nxc4 b5 23.Nd5+ cxd5 24.Nxd6 dxe4+ 25.Kb2 Kxd6 26.Bxb5 Rhb8 27.
Rhd1+ Ke7 28.Rxa8 Rxa8 29.Ra1 Rxa1 30.Kxa1 Bd5 31.Bf1 Kd6 32.Kb2 Kc6 33.
Kc3 Kb6 34.g3 Bc6 35.Bc4 g5 36.Bg8 h6 37.Bh7 Bd5 38.Bf5 Kc6 39.Bh7 Kd6 40.
Kd2 Kc6 41.Bg6 Kb5 42.Kc3 Bc6 43.Bf5 Bd5 44.Bd7+ Kb6 45.Bf5 Kb5 46.Bg6 Kc6
47.Bf5 Kb5 48.Bd7+ Kb6 49.Kc2 Kc7 50.Bf5 Kc6 51.Kc3 Kb5 52.Bd7+ Kb6 53.Bf5
Kc6 54.Bg6 Kb5 55.Be8+ Kb6 56.Bd7 Kc7 57.Bf5 Kc6 58.Bg6 Kb5 59.Be8+ Kb6 
60.Bd7 Kc7 61.Bf5 Kc6 62.Bg6 Kb5 63.Be8+ Kb6 64.Bg6 Kc6 65.Be8+ Kb6 66.Bg6
Kb5 67.Be8+ Kb6 68.Bg6 Kc6 69.Bf5 Kb5 70.Bd7+ Kb6 71.Bf5 Kc6 72.Bg6 Kb6 
73.Bf5 Kc6 74.Bg4 Bf7 75.Bf5 Kd5 76.Bc8 Bg6 77.g4 Kc6 78.Be6 h5 79.h3 h4 
80.Kd2 Kd6 81.Bc8 Be8 82.Bb7 Bb5 83.Bxe4 Bf1 84.f3 Bxh3 85.Ke2 Bg2 86.Kf2 
Bh3 87.Kg1 Kc7 88.Bd3 Kb6 89.Kh2 e4 90.Bc4 f5 91.Kxh3 fxg4+ 92.fxg4 Kc6 
93.Kg2 Kd6 94.Kf2 Ke5 95.Ke3 h3 96.Kf2 Kd4 97.Bf1 1-0

[Event "3rd EUR-ch"]
[Site "Batumi GEO"]
[Date "2002.06.26"]
[Round "13"]
[White "Atakisi, Umut"]
[Black "Yilmaz, Turhan"]
[Result "1-0"]
[WhiteElo "2358"]
[BlackElo "2303"]
[EventDate "2002.06.12"]
[PlyCount "105"]

1.e4 Nf6 2.e5 Nd5 3.d4 d6 4.Nf3 g6 5.Be2 Bg7 6.O-O O-O 7.c4 Nb6 8.Nc3 Nc6 
9.exd6 cxd6 10.h3 Bf5 11.a4 d5 12.c5 Nc4 13.g4 Bc8 14.Rb1 b6 15.b3 N4a5 
16.b4 bxc5 17.bxa5 cxd4 18.Bb5 Qd6 19.Bxc6 Qxc6 20.Nb5 e5 21.Ba3 Rd8 22.
Re1 f6 23.Rc1 Qb7 24.Rc7 Qa6 25.Rxg7+ Kxg7 26.Nc7 Qc6 27.Nxa8 Qc3 28.Qc1 
Bd7 29.Qxc3 dxc3 30.Nc7 d4 31.g5 fxg5 32.Rxe5 Bxh3 33.Rd5 Rc8 34.Rc5 Rd8 
35.Nb5 d3 36.Rxc3 Bf5 37.Nd6 g4 38.Nd2 a6 39.Kg2 h5 40.Kg3 Rd7 41.Rc6 Be6 
42.Rc3 g5 43.Rxd3 h4+ 44.Kh2 Kg6 45.Re3 Ba2 46.Re5 Kh5 47.N2e4 Rg7 48.Bc1 
g3+ 49.fxg3 Kg4 50.Nf6+ Kf3 51.Re3+ Kf2 52.Nde4+ Kf1 53.Nd2+ 1-0

[Event "3rd EUR-ch"]
[Site "Batumi GEO"]
[Date "2002.06.26"]
[Round "13"]
[White "Mamedyarova, Zeinab"]
[Black "Chigladze, Iveri"]
[Result "0-1"]
[WhiteElo "2312"]
[BlackElo "2149"]
[EventDate "2002.06.12"]
[PlyCount "86"]

1.d4 Nf6 2.Nf3 g6 3.g3 Bg7 4.Bg2 d5 5.O-O O-O 6.b3 c5 7.e3 b6 8.Bb2 Bb7 9.
Nbd2 Nbd7 10.Rc1 Rc8 11.c4 e6 12.Rc2 Qe7 13.Qa1 dxc4 14.bxc4 Ne4 15.Nb3 
Rc7 16.Rd1 cxd4 17.Nfxd4 Rfc8 18.Rdc1 a6 19.a4 e5 20.Nf3 Qb4 21.Nfd2 Nxd2 
22.Nxd2 Bxg2 23.Kxg2 Nc5 24.a5 Qxa5 25.Qxa5 bxa5 26.Bc3 a4 27.Ra1 Rb7 28.
Bb2 e4 29.Bd4 Rd7 30.Bxg7 Kxg7 31.Raa2 Rb8 32.Kf1 f5 33.Ke2 Kf7 34.Ra1 
Rdb7 35.Raa2 Rb4 36.f4 a5 37.h3 Ke6 38.g4 Rc8 39.Ra3 Nb3 40.Nb1 Rbxc4 41.
Rxc4 Rxc4 42.gxf5+ gxf5 43.h4 Rc2+ 0-1

[Event "3rd EUR-ch"]
[Site "Batumi GEO"]
[Date "2002.06.26"]
[Round "13"]
[White "Mareck, Sascha"]
[Black "Morchiashvili, Bachana"]
[Result "1-0"]
[WhiteElo "2249"]
[BlackElo "2167"]
[EventDate "2002.06.12"]
[PlyCount "67"]

1.e4 c5 2.Nf3 d6 3.d4 cxd4 4.Nxd4 Nf6 5.Nc3 a6 6.Be3 Ng4 7.Bg5 h6 8.Bh4 g5
9.Bg3 Bg7 10.Be2 h5 11.Nf5 Bxf5 12.exf5 Qa5 13.O-O Nf6 14.Bf3 O-O 15.h4 g4
16.Bxb7 Ra7 17.Bd5 Rc7 18.Bb3 Qxf5 19.Re1 Nc6 20.Qd2 Na5 21.Qg5 Qxg5 22.
hxg5 Nxb3 23.axb3 Nh7 24.Nd5 Rxc2 25.Nxe7+ Kh8 26.g6 Ng5 27.Ra5 f5 28.Nxf5
Rc5 29.Rxc5 dxc5 30.Bd6 Rd8 31.Be7 Rd5 32.Bd6 Rxf5 33.Re8+ Bf8 34.Bxf8 1-0

[Event "3rd EUR-ch"]
[Site "Batumi GEO"]
[Date "2002.06.26"]
[Round "13"]
[White "Magalashvili, Davit"]
[Black "Kamadadze, Zviad"]
[Result "1-0"]
[WhiteElo "2160"]
[BlackElo "2225"]
[EventDate "2002.06.12"]
[PlyCount "77"]

1.d4 Nf6 2.c4 g6 3.f3 d6 4.e4 Bg7 5.Nc3 O-O 6.Nge2 Nc6 7.Be3 a6 8.Qd2 Rb8 
9.h4 h5 10.Bh6 b5 11.O-O-O bxc4 12.g4 e5 13.d5 Nb4 14.Ng3 Nd3+ 15.Bxd3 
cxd3 16.gxh5 Nh7 17.Bxg7 Kxg7 18.Qxd3 Qf6 19.Kb1 Bd7 20.Rdg1 Kh8 21.Qe3 
Rb4 22.Rg2 a5 23.Rf2 Rfb8 24.hxg6 fxg6 25.Ka1 a4 26.a3 Rb3 27.Rhh2 Rf8 28.
Nge2 Rfb8 29.Nc1 R3b7 30.Nd3 Re8 31.f4 exf4 32.Nxf4 Rg8 33.Rhg2 Be8 34.
Nxg6+ Rxg6 35.Rxf6 Rxg2 36.Rf2 Rg1+ 37.Ka2 Rg7 38.Qh6 Kg8 39.Qe6+ 1-0

[Event "3rd EUR-ch"]
[Site "Batumi GEO"]
[Date "2002.06.26"]
[Round "13"]
[White "Duman, Aydin"]
[Black "Ataman, Alper"]
[Result "1/2-1/2"]
[WhiteElo "2155"]
[BlackElo "2191"]
[EventDate "2002.06.12"]
[PlyCount "27"]

1.e4 c5 2.Nc3 Nc6 3.g3 g6 4.Bg2 Bg7 5.d3 d6 6.f4 e6 7.Nf3 Nge7 8.O-O O-O 
9.Be3 Nd4 10.e5 dxe5 11.fxe5 Nef5 12.Bf2 Nxf3+ 13.Qxf3 Nd4 14.Qd1 1/2-1/2

[Event "3rd EUR-ch"]
[Site "Batumi GEO"]
[Date "2002.06.26"]
[Round "13"]
[White "Arman, Deniz"]
[Black "Kinsiz, Onur"]
[Result "1/2-1/2"]
[WhiteElo "2119"]
[BlackElo "2158"]
[EventDate "2002.06.12"]
[PlyCount "45"]

1.e4 c5 2.Nf3 d6 3.d4 cxd4 4.Qxd4 Nc6 5.Bb5 Bd7 6.Bxc6 Bxc6 7.Nc3 Nf6 8.
Bg5 e6 9.O-O-O Be7 10.Rhe1 O-O 11.e5 dxe5 12.Qh4 Qc7 13.Nxe5 Rfd8 14.Ng4 
Nxg4 15.Bxe7 Rxd1+ 16.Rxd1 Qf4+ 17.Kb1 Qf5 18.f3 Ne3 19.Rd2 f6 20.Qd4 Nd5 
21.Nxd5 Qxd5 22.Qxd5 Bxd5 23.b3 1/2-1/2